[Event "23e tournoi d'automne"]
[Site "Montigny le Bretonneux"]
[Date "2025.10.18"]
[Round "1.1"]
[White "Derex, Nicolas"]
[Black "Forissier, Nicolas"]
[Result "0-1"]
[WhiteElo "1654"]
[BlackElo "1887"]
[Annotator "Rivier,Sylvain"]
[PlyCount "50"]
[EventDate "2025.??.??"]
[WhiteTeam "C.E. Fontenay le Fleury Les Fous Furieux"]
[BlackTeam "La Dame Noire"]

{Gambit dame, défense slave, variante d'échange} 1. d4 d5 2. c4 c6 3. cxd5
cxd5 4. Nc3 Nf6 5. Bf4 Nc6 6. e3 a6 7. Bd3 e6 8. Nf3 Be7 9. O-O Nh5 10. Bg3
Nxg3 11. hxg3 O-O 12. Qc2 g6 13. a3 Bf6 14. Rac1 e5 15. dxe5 Nxe5 16. Nxe5 Bxe5
17. Rfd1 Be6 18. Be2 Qa5 19. Bf3 Rfd8 20. Qe2 Rac8 21. Rd3 d4 22. exd4 Bxd4 23.
Qd2 Bf6 24. Rxd8+ Rxd8 25. Qe2 b5 {A suivi un coup illégal : Cf4} 0-1

[Event "23e tournoi d'automne"]
[Site "Montigny le Bretonneux"]
[Date "2025.10.18"]
[Round "1.2"]
[White "Kham-Nguyen, Mathys"]
[Black "Jusselin, Benoit"]
[Result "1-0"]
[WhiteElo "1883"]
[BlackElo "1627"]
[Annotator "Rivier,Sylvain"]
[PlyCount "59"]
[EventDate "2025.??.??"]
[WhiteTeam "Cergy Pontoise Echecs"]
[BlackTeam "La Diagonale - Eybens"]

{Ouverture du pion roi} 1. e4 b6 2. d4 Bb7 3. Nc3 e6 4. a3 d6 5. Be3 Nd7 6. Qd2
a6 7. O-O-O g6 8. g4 h6 9. Bg2 b5 10. f4 Nb6 11. Qf2 Ne7 12. f5 gxf5 13. gxf5
exf5 14. exf5 Bxg2 15. Qxg2 Qd7 16. f6 Ng6 17. Nf3 O-O-O 18. Ne5 Qe6 19. Kb1 d5
20. Rde1 Nxe5 21. dxe5 Nc4 22. Bf4 b4 23. axb4 Bxb4 24. Qf3 c6 25. Rd1 Kc7 26.
Ne2 Bc5 27. Bg3 Rb8 28. b3 Nxe5 29. Nf4 Qf5 30. Nxd5+ 1-0

[Event "23e tournoi d'automne"]
[Site "Montigny le Bretonneux"]
[Date "2025.10.18"]
[Round "1.3"]
[White "Longbien, Dominique"]
[Black "Giblin, Martin"]
[Result "0-1"]
[WhiteElo "1625"]
[BlackElo "1843"]
[Annotator "Rivier,Sylvain"]
[PlyCount "88"]
[EventDate "2025.??.??"]
[WhiteTeam "La Dame Noire"]
[BlackTeam "Malakoff et Mat"]

{Ouverture du pion dame} 1. d4 b5 2. Nf3 Bb7 3. e3 a6 4. c4 bxc4 5. Bxc4 e6 6.
O-O Nf6 7. Nbd2 c5 8. Qb3 Qc7 9. Qc3 Nc6 10. Nb3 d5 11. Be2 Ne4 12. Qe1 cxd4
13. Nbxd4 e5 14. Nxc6 Bxc6 15. b3 Bd6 16. Bb2 f6 17. Nd2 Bb4 18. Rd1 Nxd2 19.
Rxd2 Qa5 20. Qc1 Bxd2 21. Qxc6+ Ke7 22. Bg4 Rhe8 23. Qd7+ Kf8 24. Qd6+ Kg8 25.
a3 Red8 26. Qc6 Qb5 27. Qc2 Ba5 28. b4 Bb6 29. Be2 Qd7 30. Bxa6 Qa7 31. Bb5 Rd7
32. a4 Qc7 33. Qf5 Qd6 34. Ba3 g6 35. Qb1 f5 36. Rc1 Rc7 37. Rxc7 Qxc7 38. g3
Qc3 39. Qa2 Kg7 40. a5 Ba7 41. Qb2 d4 42. Kf1 Rb8 43. Ba4 Qxb2 44. Bxb2 Rxb4
0-1

[Event "23e tournoi d'automne"]
[Site "Montigny le Bretonneux"]
[Date "2025.10.18"]
[Round "1.4"]
[White "Beaufils, Philippe"]
[Black "Meddour, Ithri"]
[Result "1-0"]
[WhiteElo "1835"]
[BlackElo "1619"]
[Annotator "Rivier,Sylvain"]
[PlyCount "43"]
[EventDate "2025.??.??"]
[WhiteTeam "GIF-CC2-Echecs"]
[BlackTeam "Saint-Quentin en Yvelines"]

{Défense française, variante d'avance} 1. e4 e6 2. d4 d5 3. e5 c5 4. c3 Bd7
5. Nf3 Nc6 6. Bd3 c4 7. Bc2 b5 8. O-O a5 9. b3 f6 10. exf6 Nxf6 11. Re1 Be7 12.
Nbd2 Qc7 13. Nf1 O-O 14. Ng3 Bd6 15. Bg5 Rae8 16. Bxf6 Rxf6 17. Bxh7+ Kxh7 18.
Ng5+ Kg8 19. Qh5 Rh6 20. Qf7+ Kh8 21. Nf5 Bxh2+ 22. Kf1 1-0

[Event "23e tournoi d'automne"]
[Site "Montigny le Bretonneux"]
[Date "2025.10.18"]
[Round "1.5"]
[White "Marques, Gil"]
[Black "Plantet, Marc"]
[Result "1/2-1/2"]
[WhiteElo "1615"]
[BlackElo "1826"]
[Annotator "Rivier,Sylvain"]
[PlyCount "83"]
[EventDate "2025.??.??"]
[WhiteTeam "C.E. de  Bois-Colombes"]
[BlackTeam "La Dame Noire"]

{Défense est-indienne, variante classique} 1. d4 Nf6 2. c4 d6 3. Nf3 g6 4. Nc3
Bg7 5. e4 O-O 6. Be2 e5 7. dxe5 dxe5 8. Qxd8 Rxd8 9. Bg5 Rd6 10. c5 Rd4 11.
Bxf6 Bxf6 12. Nxd4 exd4 13. Nd5 Bd8 14. Rd1 c6 15. Nb4 Ba5 16. Rxd4 Be6 17. O-O
Nd7 18. Nd3 Nf6 19. Nf4 Bc8 20. Rfd1 Bc7 21. Nd3 Be6 22. b3 b6 23. g3 Bh3 24.
cxb6 axb6 25. Nc1 c5 26. Rc4 Re8 27. Bf3 Nd7 28. Bg2 Be6 29. Ra4 Ne5 30. Ra7
Rc8 31. h3 Nc6 32. Rxc7 Rxc7 33. Rd6 b5 34. Bf1 Nd4 35. Kg2 Kf8 36. Rb6 c4 37.
bxc4 Bxc4 38. Nb3 Rd7 39. Nxd4 Rxd4 40. Bxc4 bxc4 41. Kf3 Rd2 42. Rc6 1/2-1/2

[Event "23e tournoi d'automne"]
[Site "Montigny le Bretonneux"]
[Date "2025.10.18"]
[Round "1.6"]
[White "Kunne, Ronald"]
[Black "Warin, Anouk"]
[Result "1-0"]
[WhiteElo "1809"]
[BlackElo "1590"]
[Annotator "Rivier,Sylvain"]
[PlyCount "73"]
[EventDate "2025.??.??"]
[WhiteTeam "Club d'Echecs d'Orsay"]
[BlackTeam "C.E. Fontenay le Fleury "]

{Défense Petroff} 1. e4 e5 2. Nf3 Nf6 3. Nxe5 d6 4. Nf3 Nxe4 5. Nc3 Nxc3 6.
dxc3 Be7 7. Be3 O-O 8. Qd2 Nd7 9. O-O-O c6 10. c4 Ne5 11. Bf4 Bg4 12. Be2 Bxf3
13. gxf3 Ng6 14. Be3 Qc7 15. Rdg1 Rad8 16. h4 d5 17. h5 dxc4 18. Qc3 Bf6 19.
Qxc4 Ne5 20. Qf4 Qd6 21. Kb1 b6 22. Rg3 g5 23. hxg6 fxg6 24. Rgh3 Rd7 25. Qh2
Rff7 26. f4 b5 27. fxe5 Bxe5 28. Qg2 a5 29. Qf1 a4 30. Bc1 a3 31. Rxa3 Qc5 32.
Ra8+ Kg7 33. Bh6+ Kf6 34. Qc1 Ke7 35. Bg5+ Kd6 36. Be3 Bd4 37. Bxd4 1-0

[Event "23e tournoi d'automne"]
[Site "Montigny le Bretonneux"]
[Date "2025.10.18"]
[Round "1.7"]
[White "Moulun, Raphael"]
[Black "Fasquelle, Cedric"]
[Result "1/2-1/2"]
[WhiteElo "1583"]
[BlackElo "1795"]
[Annotator "Rivier,Sylvain"]
[PlyCount "94"]
[EventDate "2025.??.??"]
[WhiteTeam "La Dame Noire"]
[BlackTeam "Saint-Quentin en Yvelines"]

{Ouverture Bird} 1. f4 e6 2. Nf3 d5 3. c4 d4 4. e4 Nc6 5. d3 Nf6 6. a3 a5 7. e5
Nd7 8. b3 f6 9. Qe2 Bc5 10. g3 O-O 11. Bg2 fxe5 12. O-O Kh8 13. fxe5 Rf5 14. g4
Rf7 15. Bg5 Qf8 16. Nbd2 Bxa3 17. Bh4 Be7 18. Ne4 h6 19. Bxe7 Qxe7 20. g5 Ndxe5
21. Nxe5 Nxe5 22. Rxf7 Nxf7 23. Qf2 e5 24. Rf1 Be6 25. gxh6 Nxh6 26. Ng5 Bf5
27. Be4 Bxe4 28. Nxe4 Kg8 29. Qg3 Rf8 30. Rxf8+ Kxf8 31. Qh3 b6 32. Qc8+ Kf7
33. Ng5+ Kg6 34. Qh3 Nf5 35. Qg4 Ne3 36. Qe4+ Nf5 37. Nf3 Kf6 38. Qg4 Ne3 39.
Qg5+ Ke6 40. Qxe5+ Kf7 41. Qh5+ Kg8 42. Ng5 Qf6 43. Qe8+ Qf8 44. Qe6+ Kh8 45.
Nf7+ Kh7 46. Ng5+ Kh8 47. Nf7+ Kg8 1/2-1/2

[Event "23e tournoi d'automne"]
[Site "Montigny le Bretonneux"]
[Date "2025.10.18"]
[Round "1.8"]
[White "Boutant, Jade"]
[Black "Le Yaouanq, Gerard"]
[Result "1-0"]
[WhiteElo "1787"]
[BlackElo "1567"]
[Annotator "Rivier,Sylvain"]
[PlyCount "73"]
[EventDate "2025.??.??"]
[WhiteTeam "Le Petit-Roque de Sèvres-Ville d'Avray"]
[BlackTeam "Saint-Quentin en Yvelines"]

{Ouverture anglaise, variante symétrique, système Rubinstein} 1. c4 c5 2. Nc3
e6 3. e4 a6 4. Nge2 Qc7 5. d3 b6 6. Be3 Bb7 7. Qb3 d6 8. d4 Nd7 9. d5 e5 10. f4
g6 11. f5 Bg7 12. Ng3 Bh6 13. Nd1 Bg7 14. Nf2 Ngf6 15. Be2 Bc8 16. h4 Nf8 17.
h5 gxh5 18. Nxh5 Nxh5 19. Rxh5 f6 20. Bd2 Bb7 21. Qh3 O-O-O 22. g4 Kb8 23. g5
Bc8 24. Ng4 Qe7 25. gxf6 Bxf6 26. Nxf6 Qxf6 27. Bg5 Qg7 28. Bxd8 Qg1+ 29. Qf1
Qd4 30. Qh1 Rg8 31. Rg5 Rxg5 32. Bxg5 Qxb2 33. Kf2 h5 34. Rb1 Qxa2 35. Rxb6+
Kc7 36. Qb1 Qxb1 37. Rxb1 1-0

[Event "23e tournoi d'automne"]
[Site "Montigny le Bretonneux"]
[Date "2025.10.18"]
[Round "1.9"]
[White "Archet, Jean-Claude"]
[Black "Demetz, Yves"]
[Result "0-1"]
[WhiteElo "1554"]
[BlackElo "1766"]
[Annotator "Rivier,Sylvain"]
[PlyCount "42"]
[EventDate "2025.??.??"]
[WhiteTeam "Club 608 d'Echecs Paris"]
[BlackTeam "La Dame Noire"]

{Défense sicilienne, variante Alapine} 1. e4 c5 2. c3 d5 3. exd5 Nf6 4. c4 e6
5. dxe6 Bxe6 6. Nf3 Nc6 7. Be2 Be7 8. Nc3 O-O 9. O-O Nd4 10. Bd3 Bg4 11. Bb1
Re8 12. Re1 Bf8 13. Rxe8 Qxe8 14. d3 Nxf3+ 15. gxf3 Bxf3 16. Qf1 Qe5 17. Qh3
Qe1+ 18. Qf1 Qe6 19. h3 Bd6 20. h4 Ng4 21. Qh3 Qe1+ 0-1

[Event "23e tournoi d'automne"]
[Site "Montigny le Bretonneux"]
[Date "2025.10.18"]
[Round "1.10"]
[White "Pourcel, Nathanael"]
[Black "Barthere, Gilles"]
[Result "1-0"]
[WhiteElo "1759"]
[BlackElo "1551"]
[Annotator "Rivier,Sylvain"]
[PlyCount "73"]
[EventDate "2025.??.??"]
[WhiteTeam "Club d'Echecs du Vesinet"]
[BlackTeam "CE Le Roi Soleil - Le Chesnay - Versailles"]

{Défense Nimzo-indienne, variante Pirc} 1. d4 Nf6 2. c4 e6 3. Nc3 Bb4 4. Qc2
c5 5. dxc5 Bxc5 6. Bf4 Nc6 7. e3 O-O 8. Nf3 b6 9. a3 Bb7 10. Be2 Be7 11. O-O
Nh5 12. Bg3 Nxg3 13. hxg3 Rc8 14. Rfd1 a6 15. Qd3 Nb8 16. Rac1 Qc7 17. Ne4 d5
18. Neg5 g6 19. Qb1 Qd8 20. Nh3 Qe8 21. cxd5 Rxc1 22. Rxc1 Bxd5 23. Rc7 Bd6 24.
Rc1 a5 25. Nf4 Bb7 26. Qd3 Qe7 27. Qb5 Bxf4 28. exf4 Ba6 29. Qe5 Bxe2 30. Qxe2
Rd8 31. Qe5 Nd7 32. Qc7 Kf8 33. Ne5 f6 34. Nc6 Qe8 35. Qxd8 Qxd8 36. Nxd8 Ke7
37. Nc6+ 1-0

[Event "23e tournoi d'automne"]
[Site "Montigny le Bretonneux"]
[Date "2025.10.18"]
[Round "1.11"]
[White "Bimont, Stephanie"]
[Black "Conq, Alain"]
[Result "1/2-1/2"]
[WhiteElo "1551"]
[BlackElo "1748"]
[Annotator "Rivier,Sylvain"]
[PlyCount "39"]
[EventDate "2025.??.??"]
[WhiteTeam "Inter Chess"]
[BlackTeam "Echiquier Scéen - Sceaux"]

{Défense sicilienne, variante Alapine} 1. e4 c5 2. c3 d5 3. exd5 Qxd5 4. d4
Nc6 5. Nf3 Bg4 6. Be2 O-O-O 7. Be3 Nf6 8. O-O h6 9. dxc5 Qh5 10. Qc2 e6 11.
Nbd2 Bxc5 12. Bxc5 Qxc5 13. Rad1 Bf5 14. Qc1 Ne4 15. Nxe4 Bxe4 16. Rxd8+ Rxd8
17. Rd1 Rxd1+ 18. Qxd1 Qd5 19. Qxd5 Bxd5 20. b3 1/2-1/2

[Event "23e tournoi d'automne"]
[Site "Montigny le Bretonneux"]
[Date "2025.10.18"]
[Round "1.12"]
[White "Gazay, Didier"]
[Black "Montay, Jean-Paul"]
[Result "1-0"]
[WhiteElo "1730"]
[BlackElo "1549"]
[Annotator "Rivier,Sylvain"]
[PlyCount "39"]
[EventDate "2025.??.??"]
[WhiteTeam "Echiquier Scéen - Sceaux"]
[BlackTeam "La Dame Noire"]

{Ouverture anglaise} 1. c4 g6 2. g3 Bg7 3. Bg2 d6 4. e4 Nd7 5. Ne2 Rb8 6. Nbc3
b6 7. O-O Bb7 8. d4 c5 9. Be3 e6 10. Nb5 Ndf6 11. e5 Bxg2 12. Nxd6+ Kd7 13.
Kxg2 Qe7 14. dxc5 Kc7 15. cxb6+ axb6 16. Qa4 Nd7 17. Qa7+ Kd8 18. Nd4 Nxe5 19.
Qxb8+ Kd7 20. N4b5 1-0

[Event "23e tournoi d'automne"]
[Site "Montigny le Bretonneux"]
[Date "2025.10.18"]
[Round "1.15"]
[White "Bouloc, Roger"]
[Black "Chatterjee, Adhyayan"]
[Result "0-1"]
[WhiteElo "1414"]
[BlackElo "1692"]
[Annotator "Rivier,Sylvain"]
[PlyCount "94"]
[EventDate "2025.??.??"]
[WhiteTeam "La Dame Noire"]
[BlackTeam "C.E. de  Bois-Colombes"]

{Défense sicilienne, fianchetto accéléré} 1. e4 c5 2. Nf3 g6 3. d4 cxd4 4.
Nxd4 Nc6 5. c3 Bg7 6. Be3 Nf6 7. Nxc6 bxc6 8. Bd3 O-O 9. O-O d6 10. h3 a5 11.
a4 Rb8 12. b3 d5 13. Nd2 Nd7 14. Rc1 e5 15. f4 Re8 16. Nf3 dxe4 17. Bxe4 exf4
18. Bxf4 Rxe4 19. Bxb8 Qb6+ 20. Kh1 Qxb8 21. Ng5 Re7 22. c4 h6 23. Nf3 Nf6 24.
Qd8+ Re8 25. Qd3 Bf5 26. Qd2 Ne4 27. Qxa5 Ng3+ 28. Kg1 Ne2+ 29. Kh1 Nxc1 30.
Rxc1 Qxb3 31. Qa6 Rc8 32. Re1 Rd8 33. Qxc6 Rd1 34. Qe8+ Kh7 35. c5 Rxe1+ 36.
Qxe1 Qxa4 37. Ne5 Bxe5 38. Qxe5 Qe4 39. Qf6 Qd5 40. c6 Bxh3 41. Qf3 Qxf3 42.
gxf3 Kg7 43. c7 Kf8 44. Kh2 Bc8 45. Kg3 Ke7 46. Kh4 Kd7 47. f4 Kxc7 0-1

[Event "23e tournoi d'automne"]
[Site "Montigny le Bretonneux"]
[Date "2025.10.18"]
[Round "1.16"]
[White "Corbeau, Lou"]
[Black "Chakour, Samir"]
[Result "0-1"]
[WhiteElo "1690"]
[BlackElo "1399"]
[Annotator "Rivier,Sylvain"]
[PlyCount "162"]
[EventDate "2025.??.??"]
[WhiteTeam "C'Chartres Echecs"]
[BlackTeam "Saint-Quentin en Yvelines"]

{Gambit dame refusé} 1. d4 Nf6 2. c4 c5 3. e3 e6 4. Nf3 d5 5. cxd5 exd5 6. Be2
Be7 7. dxc5 Bxc5 8. O-O O-O 9. Qc2 Be7 10. Nc3 Nc6 11. Rd1 Be6 12. e4 Qd7 13.
exd5 Nxd5 14. Nxd5 Bxd5 15. Bc4 Nb4 16. Qd2 Rad8 17. a3 Qf5 18. axb4 Bxc4 19.
Qe1 Rxd1 20. Qxd1 Rd8 21. Qe1 Qe6 22. Be3 a6 23. Nd4 Qg6 24. Nf3 Bd5 25. Qe2
Bxb4 26. Nh4 Qe4 27. Qh5 Be7 28. Nf3 Rd6 29. Qe5 Qxe5 30. Nxe5 Bf6 31. Bf4 Bxe5
32. Bxe5 Re6 33. Bg3 Ba2 34. Rc1 h6 35. h3 b5 36. b4 Kh7 37. Rc7 Re4 38. Bd6
Re1+ 39. Kh2 Bc4 40. Ra7 Ra1 41. Bc7 Ra4 42. Ba5 Ra2 43. Kg3 h5 44. Bb6 g5 45.
Bc5 Kg6 46. Re7 a5 47. bxa5 Rxa5 48. Ra7 Rxa7 49. Bxa7 b4 50. Kf3 b3 51. Bd4
Be6 52. g4 f5 53. gxf5+ Kxf5 54. Bb2 Kg6 55. Kg3 h4+ 56. Kg2 Bd5+ 57. f3 Kf5
58. Kf2 Kf4 59. Bc1+ Kf5 60. Bb2 Kg6 61. Bc1 Kh5 62. Bb2 Be6 63. Kg2 Kg6 64.
Bc1 Kf5 65. Bb2 Kf4 66. Bc1+ Ke5 67. Bb2+ Kd5 68. f4 gxf4 69. Kf3 Bxh3 70. Kxf4
Bg2 71. Ke3 h3 72. Kf2 Kc4 73. Be5 Kd3 74. Kg1 Kc2 75. Kh2 b2 76. Bxb2 Kxb2 77.
Kg1 Kc3 78. Kf2 Kd3 79. Kg3 Ke2 80. Kh2 Kf1 81. Kg3 Kg1 0-1

[Event "23e tournoi d'automne"]
[Site "Montigny le Bretonneux"]
[Date "2025.10.18"]
[Round "1.17"]
[White "Garabedian, Christophe"]
[Black "Talbi, Ibrahim"]
[Result "0-1"]
[WhiteElo "1399"]
[BlackElo "1688"]
[Annotator "Rivier,Sylvain"]
[PlyCount "65"]
[EventDate "2025.??.??"]
[WhiteTeam "La Dame Noire"]
[BlackTeam "La Tour de Mantes"]

{Ouverture du pion dame} 1. d4 Nf6 2. Bf4 g6 3. Nc3 Bg7 4. Nb5 d6 5. Qd2 O-O 6.
Bh6 c6 7. Nc3 b5 8. a3 a5 9. Bxg7 Kxg7 10. e3 Bb7 11. Bd3 b4 12. axb4 axb4 13.
Rxa8 bxc3 14. Qxc3 Bxa8 15. Nf3 Nbd7 16. O-O Qc7 17. e4 Bb7 18. e5 Nd5 19. Qc4
dxe5 20. Be4 N5b6 21. Qc3 f5 22. Bd3 e4 23. d5+ Kg8 24. Bc4 cxd5 25. Bxd5+ Nxd5
26. Qxc7 Nxc7 27. Ng5 h6 28. Nh3 Ne6 29. Rd1 Ne5 30. f4 exf3 31. g3 Rd8 32. Re1
Rd5 33. Nf4 0-1

[Event "23e tournoi d'automne"]
[Site "Montigny le Bretonneux"]
[Date "2025.10.18"]
[Round "1.18"]
[White "Mourgues, Joelle"]
[Black "Ben Abdallah, Mohammed"]
[Result "1-0"]
[WhiteElo "1686"]
[BlackElo "1299"]
[Annotator "Rivier,Sylvain"]
[PlyCount "89"]
[EventDate "2025.??.??"]
[WhiteTeam "Saint-Quentin en Yvelines"]
[BlackTeam "La Dame Noire"]

{Début Réti} 1. Nf3 d5 2. d3 e5 3. Nxe5 Bd6 4. Nf3 Nf6 5. g3 Bf5 6. Bg2 c6 7.
Nbd2 Nbd7 8. O-O O-O 9. c3 Nb6 10. a4 a5 11. Nh4 Bd7 12. f4 c5 13. e4 dxe4 14.
dxe4 Re8 15. e5 Be7 16. exf6 Bxf6 17. Nhf3 Be6 18. Ne4 Be7 19. Qc2 Nc4 20. b3
Nd6 21. Nxd6 Qxd6 22. Rd1 Qc7 23. Be3 Rad8 24. c4 Bf6 25. Rac1 b6 26. f5 Bd7
27. Bf4 Qc8 28. g4 h6 29. h3 Be7 30. Ne5 Bf6 31. Bd5 Kh8 32. Nxf7+ Kh7 33. Nxd8
Qxd8 34. Bf7 Rf8 35. Bg6+ Kh8 36. Qe4 Kg8 37. Qd5+ Kh8 38. Qxd7 Qxd7 39. Rxd7
Bd8 40. Re1 Kg8 41. Bd6 Be7 42. Rexe7 Ra8 43. Rxg7+ Kh8 44. Rh7+ Kg8 45. Rdg7#
1-0

[Event "23e tournoi d'automne"]
[Site "Montigny le Bretonneux"]
[Date "2025.10.18"]
[Round "1.19"]
[White "Demeocq, Agathe"]
[Black "Couradin, Jean-Marie"]
[Result "0-1"]
[WhiteElo "1299"]
[BlackElo "1666"]
[Annotator "Rivier,Sylvain"]
[PlyCount "68"]
[EventDate "2025.??.??"]
[WhiteTeam "Geneston Sud Loire échecs"]
[BlackTeam "La Dame Noire"]

{Défense moderne} 1. e4 d6 2. d4 Nd7 3. Nf3 g6 4. Bc4 Bg7 5. Ng5 e6 6. O-O h6
7. Nf3 a6 8. Nc3 b5 9. Bb3 Bb7 10. Bf4 Ngf6 11. d5 e5 12. Be3 b4 13. Na4 Nxe4
14. Re1 O-O 15. Qd3 Nef6 16. Bd2 a5 17. Rad1 e4 18. Qe2 exf3 19. Qxf3 Ne5 20.
Qg3 Re8 21. f4 Nh5 22. Qe3 Nxf4 23. Qxf4 Qf6 24. Qxf6 Bxf6 25. Re2 Nd7 26.
Rxe8+ Rxe8 27. h3 Re5 28. c3 bxc3 29. Bxc3 Nc5 30. Nxc5 dxc5 31. d6 cxd6 32.
Rxd6 Re1+ 33. Kh2 Be5+ 34. g3 Rh1# 0-1

[Event "23e tournoi d'automne"]
[Site "Montigny le Bretonneux"]
[Date "2025.10.19"]
[Round "2.1"]
[White "Forissier, Nicolas"]
[Black "Gazay, Didier"]
[Result "1-0"]
[WhiteElo "1887"]
[BlackElo "1730"]
[Annotator "Rivier,Sylvain"]
[PlyCount "81"]
[EventDate "2025.??.??"]
[WhiteTeam "La Dame Noire"]
[BlackTeam "Echiquier Scéen - Sceaux"]

{Défense hollandaise} 1. d4 d5 2. c4 c6 3. Nf3 e6 4. Nc3 f5 5. Bf4 Nf6 6. e3
Bd6 7. Bxd6 Qxd6 8. c5 Qc7 9. b4 O-O 10. Bd3 Ne4 11. Ne2 Qe7 12. O-O Nd7 13. b5
cxb5 14. Bxb5 a6 15. Qa4 g5 16. Rac1 g4 17. Ne5 Nxe5 18. dxe5 Nxc5 19. Qa3 b6
20. Nd4 Bd7 21. Be2 Rfc8 22. f3 h5 23. Qb4 Qd8 24. Qe1 Qg5 25. Qf2 Qg7 26. f4
Qe7 27. Rb1 b5 28. Rfc1 Ne4 29. Qe1 Qa3 30. Nc2 Qxa2 31. Bd3 Nc3 32. Qh4 Be8
33. Qg5+ Kh7 34. Qe7+ Kh6 35. Qxe6+ Bg6 36. Nd4 Ne2+ 37. Nxe2 Rxc1+ 38. Rxc1
Re8 39. Qf6 Qd2 40. Bxf5 Rg8 41. Qg5+ 1-0

[Event "23e tournoi d'automne"]
[Site "Montigny le Bretonneux"]
[Date "2025.10.19"]
[Round "2.2"]
[White "Duget, Long Jc"]
[Black "Kham-Nguyen, Mathys"]
[Result "0-1"]
[WhiteElo "1707"]
[BlackElo "1883"]
[Annotator "Rivier,Sylvain"]
[PlyCount "100"]
[EventDate "2025.??.??"]
[WhiteTeam "C.E. Fontenay le Fleury Les Fous Furieux"]
[BlackTeam "Cergy Pontoise Echecs"]

{Défense moderne} 1. e4 g6 2. d4 Bg7 3. Nc3 d6 4. f4 e6 5. Nf3 a6 6. Be3 b5 7.
a3 Bb7 8. Qd2 Nd7 9. Bd3 Ngf6 10. h3 c5 11. e5 cxd4 12. Bxd4 dxe5 13. fxe5 Nd5
14. Ne4 O-O 15. O-O Qc7 16. Rae1 Rad8 17. c3 N5b6 18. Qf2 Na4 19. Qh4 Nxb2 20.
Nf6+ Nxf6 21. exf6 Bh8 22. Qh6 Bxf3 23. Rxf3 Nxd3 24. Rxd3 Rxd4 25. Rxd4 Bxf6
26. Rd3 Bxc3 27. Red1 Bf6 28. Kh1 Qc5 29. Qf4 Bg7 30. Rc1 Qh5 31. Rf1 Be5 32.
Qe4 Bb8 33. Rd7 Qg5 34. g4 Qc5 35. Qf3 Qe5 36. Qg2 a5 37. Rb7 Bd6 38. Rb1 b4
39. axb4 axb4 40. Ra7 Qc3 41. Ra8 Rxa8 42. Qxa8+ Kg7 43. Qg2 Be5 44. g5 b3 45.
Rf1 b2 46. Rb1 Qc1+ 47. Qg1 Bf4 48. h4 Qxg1+ 49. Kxg1 Bc1 50. Kg2 f6 0-1

[Event "23e tournoi d'automne"]
[Site "Montigny le Bretonneux"]
[Date "2025.10.19"]
[Round "2.3"]
[White "Giblin, Martin"]
[Black "Mourgues, Joelle"]
[Result "1/2-1/2"]
[WhiteElo "1843"]
[BlackElo "1686"]
[Annotator "Rivier,Sylvain"]
[PlyCount "105"]
[EventDate "2025.??.??"]
[WhiteTeam "Malakoff et Mat"]
[BlackTeam "Saint-Quentin en Yvelines"]

{Défense Benoni} 1. d4 e6 2. e4 d6 3. c4 Nf6 4. Nc3 Be7 5. f4 c5 6. d5 O-O 7.
Nf3 exd5 8. cxd5 Ne8 9. Be2 a6 10. a4 Bg4 11. O-O f5 12. e5 Bxf3 13. Bxf3 Qc7
14. Re1 Nd7 15. Qe2 Kh8 16. g4 Bh4 17. e6 Bxe1 18. Qxe1 fxg4 19. exd7 gxf3 20.
dxe8=Q Raxe8 21. Qg3 Qe7 22. Bd2 Qf6 23. Qxf3 Qd4+ 24. Qf2 Qc4 25. Re1 b5 26.
axb5 axb5 27. Rxe8 Rxe8 28. Qf1 Qd4+ 29. Qf2 Qd3 30. Be1 b4 31. Na2 Qxd5 32.
Nxb4 cxb4 33. Bxb4 Qd1+ 34. Qf1 Qxf1+ 35. Kxf1 d5 36. Bc3 Re4 37. Bd2 h5 38. b4
Rc4 39. Ke2 Kg8 40. Kd3 Kf7 41. b5 Ke6 42. b6 Kd7 43. Be3 g6 44. Bd4 Kc6 45. h4
Ra4 46. Be3 Ra3+ 47. Kd4 Kxb6 48. Bc1 Rb3 49. Kxd5 Rh3 50. Ke5 Rg3 51. f5 gxf5
52. Kxf5 Kc6 53. Bf4 {suite illisible} 1/2-1/2

[Event "23e tournoi d'automne"]
[Site "Montigny le Bretonneux"]
[Date "2025.10.19"]
[Round "2.4"]
[White "Chatterjee, Adhyayan"]
[Black "Beaufils, Philippe"]
[Result "*"]
[WhiteElo "1692"]
[BlackElo "1835"]
[Annotator "Rivier,Sylvain"]
[PlyCount "82"]
[EventDate "2025.??.??"]
[WhiteTeam "C.E. de  Bois-Colombes"]
[BlackTeam "GIF-CC2-Echecs"]

{Défense française, variante d'avance} 1. e4 e6 2. d4 d5 3. e5 c5 4. c3 Nc6
5. Nf3 Bd7 6. Be2 f6 7. exf6 Nxf6 8. Bf4 Qb6 9. Qb3 Be7 10. Qxb6 axb6 11. Bc7
cxd4 12. cxd4 Bb4+ 13. Nbd2 Ne4 14. Bxb6 O-O 15. Bc5 Nxc5 16. dxc5 e5 17. O-O-O
e4 18. Ng1 Rxf2 19. Nxe4 dxe4 20. Rxd7 Bxc5 21. Rxb7 Ne5 22. Kb1 Rxg2 23. Rb5
Rc8 24. Bf1 Rf2 25. Nh3 Rd2 26. Ng5 e3 27. Ne4 Rd1+ 28. Kc2 e2 29. Bxe2 Rxh1
30. Nxc5 Rxh2 31. Kd1 h5 32. Ne4 Ng4 33. Ng5 Rd8+ 34. Ke1 Re8 35. a4 Rhxe2+ 36.
Kd1 Nf2+ 37. Kc1 Nd3+ 38. Kb1 R2e5 39. Kc2 Rxb5 40. axb5 Nf4 41. b3 Re5 *

[Event "23e tournoi d'automne"]
[Site "Montigny le Bretonneux"]
[Date "2025.10.19"]
[Round "2.5"]
[White "Couradin, Jean-Marie"]
[Black "Kunne, Ronald"]
[Result "0-1"]
[WhiteElo "1666"]
[BlackElo "1809"]
[Annotator "Rivier,Sylvain"]
[PlyCount "54"]
[EventDate "2025.??.??"]
[WhiteTeam "La Dame Noire"]
[BlackTeam "Club d'Echecs d'Orsay"]

{Début Réti} 1. Nf3 d5 2. g3 Nf6 3. Bg2 e6 4. c4 d4 5. d3 c5 6. O-O Nc6 7.
Bg5 h6 8. Bxf6 Qxf6 9. Nbd2 Be7 10. a3 e5 11. Ne4 Qg6 12. Qc2 f5 13. Ned2 O-O
14. e3 a5 15. exd4 cxd4 16. Rfe1 Bf6 17. c5 Be6 18. Nc4 Bxc4 19. Qxc4+ Qf7 20.
Nxe5 Nxe5 21. Bd5 Nxc4 22. dxc4 Rfd8 23. Be6 Ra6 24. Bxf7+ Kxf7 25. Re2 Rc6 26.
Rd1 Rxc5 27. b3 a4 0-1

[Event "23e tournoi d'automne"]
[Site "Montigny le Bretonneux"]
[Date "2025.10.19"]
[Round "2.6"]
[White "Martinez, Alberto"]
[Black "Boutant, Jade"]
[Result "0-1"]
[WhiteElo "1527"]
[BlackElo "1787"]
[Annotator "Rivier,Sylvain"]
[PlyCount "96"]
[EventDate "2025.??.??"]
[WhiteTeam "Le Petit-Roque de Sèvres-Ville d'Avray"]
[BlackTeam "Le Petit-Roque de Sèvres-Ville d'Avray"]

{Défense Pirc} 1. e4 g6 2. d4 Bg7 3. Nc3 d6 4. Be3 Nf6 5. Qd2 Ng4 6. Bg5 h6 7.
Bh4 Nc6 8. h3 Nf6 9. Nf3 g5 10. Bg3 Nh5 11. Bh2 Nf4 12. O-O-O Ng6 13. Bb5 Bd7
14. Rhe1 a6 15. Bxc6 Bxc6 16. d5 Bd7 17. e5 g4 18. hxg4 Bxg4 19. exd6 cxd6 20.
Re3 h5 21. Ne4 Kf8 22. Neg5 Bh6 23. Rde1 f6 24. Ne6+ Bxe6 25. dxe6 Rc8 26. Qd3
Bxe3+ 27. Qxe3 Qa5 28. Kb1 Ne5 29. Bxe5 dxe5 30. Nh4 Ke8 31. Rd1 Rd8 32. Rc1
Qd5 33. Qg3 Qxe6 34. Qg6+ Qf7 35. Qe4 Rd7 36. Qa4 Qd5 37. g3 Rg8 38. Nf5 Rg4
39. Qa3 Qb5 40. Ne3 Rgd4 41. b3 Qe2 42. Rf1 f5 43. Qc1 f4 44. gxf4 exf4 45. Re1
Qd2 46. Nf5 Qxe1 47. Nxd4 Qxc1+ 48. Kxc1 Rxd4 0-1